[Event "La Pobla de Lillet op-B 29th"]
[Site "La Pobla de Lillet"]
[Date "2019.08.03"]
[Round "2"]
[White "Puig Carres, Josep"]
[Black "Garcia Perez, Manuel II"]
[Result "1-0"]
[WhiteElo "1673"]
[BlackElo "1506"]
[PlyCount "126"]
[EventDate "2019.08.02"]
[EventType "swiss"]
[EventRounds "9"]
[EventCountry "ESP"]
[SourceTitle "EXT 2022"]
[Source "ChessBase"]
[SourceDate "2021.10.06"]
[SourceVersion "1"]
[SourceVersionDate "2021.10.06"]
[SourceQuality "1"]

1. c4 d5 2. g3 d4 3. d3 c5 4. Bg2 Qa5+ 5. Bd2 Qb6 6. b3 Bd7 7. Nf3 Bc6 8. 0-0 Nd7 9. Qe1 Qc7 10. b4 b6 11. bxc5 bxc5 12. Ba5 Qb7 13. Qd2 Ne5 14. Qd1 Nxf3+ 15. exf3 e5 16. Nd2 Bd6 17. Rb1 Qa6 18. Nb3 Rb8 19. Qd2 Ne7 20. Nxc5 Qc8 21. Ne4 Bc7 22. Bxc7 Qxc7 23. Rxb8+ Qxb8 24. Qg5 Ng6 25. Nc5 0-0 26. Qd2 Qb6 27. Nb3 Rb8 28. Rb1 Ne7 29. Qg5 f6 30. Qg4 Be8 31. Nd2 Qxb1+ 32. Nxb1 Rxb1+ 33. Bf1 f5 34. Qh4 Ng6 35. Qd8 Kf8 36. Qd6+ Kf7 37. h4 Rb6 38. Qc7+ Kf6 39. Qxa7 Rb1 40. Qa6+ Ke7 41. Kg2 f4 42. h5 Nf8 43. gxf4 Ne6 44. Qa7+ Bd7 45. fxe5 Nf4+ 46. Kg3 Nxh5+ 47. Kh4 Rxf1 48. Kxh5 Rxf2 49. Qc5+ Kf7 50. Kg5 h6+ 51. Kf4 g5+ 52. Kg3 Rxa2 53. Qd5+ Be6 54. Qxd4 h5 55. f4 h4+ 56. Kf3 g4+ 57. Ke3 h3 58. Qd8 h2 59. Qf6+ Ke8 60. Qxe6+ Kd8 61. Qd6+ Ke8 62. e6 Ra6 63. Qd7+ Kf8 1-0